000 02314nam0a2200385 4500
001 RU\NLR\BIBL_A\016300041
005 20260406121345.0
035 _a(NLR Aleph) 016300041
090 _a12970961
_c12970961
100 _a20200922d1903 |||y0rusy50 ca
101 0 _arus
102 _aRU
105 _ay z 000zy
181 0 _ai
_baxxe
182 0 _an
200 1 _aО продолжении действия Временных правил об управлении городом и портом "Александровск" Архангельской губернии
_eв Государственный Совет
_fМинистерство внутренних дел. Департамент общих дел. Отделение V. Стол I. 12 декабря 1903 г. № 27127
203 _aТекст
_bвизуальный
_cнепосредственный
210 _a[Санкт-Петербург
_cб. и.]
_d1903
215 _a17 с.
_d34
300 _aВ конце текста: Подписал: Министр внутренних дел, Статс-Секретарь Плеве; Скрепил: За Директора Департамента Общих Дел, Вице-Директор А. Арбузов
309 _aБез тит. л. и обл.
316 _aЭкз. РНБ входит в конволют: Материалы. Т. 29 (1904) / Россия. Государственный совет. Департамент промышленности, наук и торговли
_5NLR
517 1 _aМатериалы. Т. 29 (1904)
601 0 2 _a"Александровск", порт
_cАрхангельская губерния
_jДокументы и материалы
_92577812
_3RU\NLR\AUTH\6601734923
606 1 _aГорода
_jДокументы и материалы
_xУправление
_yАрхангельская губерния
_92577821
_3RU\NLR\AUTH\6601734928
686 3 _aУ37(28)461.03-21,011
686 3 _aУ21(28)9,011
702 1 _4720
_8rus
_7ca
_aПлеве
_bВ.К.
_f1846-1904
_gВячеслав Константинович
_3RU\NLR\AUTH\77525
_9110574
702 1 _aАрбузов
_bА.
_4720
852 _aNLR
_j135/295-29(5)
942 _cBOOK
980 _aNB